Countries by Borders Quiz #3 - Statistics

General Stats
  • This quiz has been taken 88 times
    72 since last reset
  • The average score is 13 of 14
Answer Stats
Hint Answer % Correct
Sweden, Russia, Finland Norway
100%
North Korea South korea
97%
Germany, Belgium, France Luxembourg
96%
China, Russia Mongolia
96%
Argentina, Brazil, Bolivia Paraguay
94%
Ukraine, Russia, Poland, Lithuania Belarus
93%
Guyana, Brazil Suriname
93%
Belgium, Germany Netherlands
91%
Italy, Croatia, Austria, Hungary Slovenia
91%
France Monaco
90%
Honduras, Costa Rica Nicaragua
90%
Ukraine, Romania Moldova
87%
Mauritania, Algeria, Morocco
87%
Mozambique, South Africa Swaziland
84%
No matching quizzes found
Score Distribution
Percent of People with Each Score
Percentile by Number Answered
Your Score History
You have not taken this quiz since the last reset